La construcción de la feminidad: la mujer como sujeto de la historia y como sujeto de deseo /
El presente artículo realiza una revisión de aquellas invariantes más importantes en la construcción de las subjetividades, tales como: las condiciones histórico-sociales a partir de las cuales éstas emergen así como el lugar de los discursos hegemónicos y del inconsciente en la constitución subjeti...
Guardado en:
| 主要作者: | |
|---|---|
| 格式: | Texto |
| 主題: | |
| 標簽: |
添加標簽
沒有標簽, 成為第一個標記此記錄!
|
MARC
| LEADER | 00000 a a2200000 04500 | ||
|---|---|---|---|
| 001 | 217 | ||
| 003 | |||
| 040 | |||
| 100 | |a Martinez Herrera, Manuel | ||
| 245 | |a La construcción de la feminidad: |b la mujer como sujeto de la historia y como sujeto de deseo / |c Manuel Martinez Herrera | ||
| 520 | |a El presente artículo realiza una revisión de aquellas invariantes más importantes en la construcción de las subjetividades, tales como: las condiciones histórico-sociales a partir de las cuales éstas emergen así como el lugar de los discursos hegemónicos y del inconsciente en la constitución subjetiva. Posteriormente, se aborda la construcción de la subjetividad femenina, a partir del re-posicionamiento de la mujer como sujeto de la historia y sujeto de deseo, más allá de la tradicional égida falogocéntrica la violencia normativa que regula los intercambios entre individuos y define las marginalidades el lenguaje en tanto posibilidad de estructuración y aprehensión de la realidad | ||
| 650 | |a FEMINIDAD | ||
| 650 | |a MUJER | ||
| 650 | |a SUBJETIVIDAD | ||
| 773 | |g volumen 21, número 108; páginas 79-95 | ||
| 999 | |c 22797 |d 22797 | ||
| 773 | 0 | |0 18811 |9 3324 |a Universidad de Costa Rica. Instituto de Investigaciones en Psicología |d San José, C.R.: Editorial de la UCR |o 04832 |t Actualidades en Psicología / | |
